[Event "EU-ch 2nd"]
[Site "Ohrid"]
[Date "2001.06.13"]
[Round "12"]
[White "Cyborowski, Lukasz"]
[Black "Gershon, Alik"]
[Result "0-1"]
[WhiteElo "2450"]
[BlackElo "2539"]
[Annotator "Gershon,A"]
[PlyCount "58"]
[EventDate "2001.06.01"]
[EventType "swiss"]
[EventRounds "13"]
[EventCountry "YUG"]
[SourceTitle "CBM 084"]
[Source "ChessBase"]
[SourceDate "2001.09.13"]
[SourceVersion "1"]
[SourceVersionDate "2001.09.13"]
[SourceQuality "1"]

1. e4 c5 2. Nf3 Nc6 3. d4 cxd4 4. Nxd4 Nf6 5. Nc3 d6 6. Bc4 Qb6 7. Nb3 e6 8.
O-O a6 9. Kh1 {With the plan chosen by my opponent (eg f4, Be3, Qf3-h3) the K
is better placed on g1, because any of white's attacking plans (f4-f5, e4-e5,
or g2-g4-g5) would open the h1- a8 /^ and the K on h1 will become vulnerable} (
9. Be3 $142 Qc7 10. f4) 9... Be7 10. f4 Qc7 11. Bd3 b5 12. Qf3 Bb7 13. Be3 O-O
14. Rae1 Rfe8 15. Qh3 Nb4 {White was already threatenning e4-e5} (15... Rac8
$140 $2 16. e5 dxe5 17. fxe5 Qxe5 (17... Nxe5 18. Bf4 Bd6 19. Bxb5 axb5 20.
Nxb5 $18) 18. Rxf6 Bxf6 19. Qxh7+ Kf8 20. Bc5+ $18) 16. a3 $2 {A waste of time.
Black would have to take on d3 anyway.} (16. Nd4 $142) 16... Nxd3 17. cxd3 Rac8
(17... Bf8 $143 18. Rc1 {[%cal Gc3d5]} Qb8 {[%csl Ga8]}) 18. Rc1 Qb8 19. Na5 (
19. f5 $5 e5 {[%cal Gd6d5,Gb8a8,Ra8g2]} (19... exf5 20. Rxf5 d5 $2 21. exd5 g6
22. Rff1 Nxd5 23. Rxf7 $1 {A typical way for black to lose the game} Kxf7 24.
Qxh7+ Ke6 25. Nd4+ Ke5 (25... Kd7 26. Qh3+ Kd8 27. Ne6+ Kd7 28. Nf8+ Kd6 29.
Qe6+ Kc7 30. Qd7#) 26. Nf3+ Ke6 27. Qxg6+ Bf6 (27... Kd7 28. Qf5+ Kd8 29. Ne5
$1 $18 {[%cal Ge5f7,Yf5d7]}) 28. Re1 $1 Kd7 29. Qf5+ {[%csl Rd5]} Re6 30. Nxd5
$18) 20. Bg5 Ba8 {[%cal Gb5b4]} 21. Nd2 b4 22. axb4 Qxb4 $132) 19... Ba8 20. b4
Bf8 21. Nb3 (21. f5 exf5 22. Rxf5 d5 23. Bg5 dxe4 24. Bxf6 exd3 25. Qg4 d2 26.
Rd1 Re1+ 27. Rf1 {[%csl Rc8][%cal Gg4c8]} h5 $1 28. Qg5 Qd6 {[%csl Rf6]} 29.
Rfxe1 dxe1=Q+ 30. Rxe1 Qxf6 31. Qxf6 gxf6 $19) 21... Nd7 22. Nd4 g6 23. f5 exf5
24. exf5 Ne5 25. Bh6 {Before this move I was sure that black's position is
very solid. However, after the text I found myself searching for the only more,
which, I was luckily able to spot.} Qa7 $1 {>< Nd4} (25... Bxh6 $2 26. Qxh6 {
[%cal Gf5f6]} Ng4 27. Qf4 $1 (27. Qh3 $4 Rxc3 $1 28. Qxg4 (28. Rxc3 Nf2+) 28...
Rxd3 $19) 27... Ne3 28. fxg6 {[%csl Rf7]} fxg6 29. Qf7+ Kh8 30. Qf6+ Kg8 31.
Qf7+ Kh8 $11) (25... Nxd3 $2 26. Bxf8 (26. Qxd3 Bxh6 $17) 26... Rxc3 $1 {
[%cal Gd3f2]} (26... Nxc1 27. Qh6 {with mate in few}) 27. Qh6 (27. Rxc3 $4 Nf2+
$19 {[%cal Ge8e1]}) 27... Rxf8 28. f6 $18) (25... Qb7 26. Ne4 Bxh6 (26... Rxc1
27. Nf6+ Kh8 28. Bxc1 $18) 27. Rxc8 Rxc8 28. Qxh6 {[%cal Gf5f6]} Qe7 $8 29.
fxg6 fxg6 30. Nf6+ Kh8 31. Nxh7 $11) 26. fxg6 (26. Be3 Nxd3 27. Ne6 Qb7 28.
Nxf8 Qxg2+ (28... Rxe3 $5 29. Qxh7+ Kxf8 30. Qh8+ Ke7 31. Nd5+ $8 Qxd5 32. f6+
Ke6 33. Qxc8+ Ke5 34. Rc2 Ne1 $19) 29. Qxg2 Bxg2+ 30. Kxg2 Rxe3 31. Nd5 Rxc1
32. Nxe3 Rxf1 33. Kxf1 Kxf8 $19) (26. Bxf8 Qxd4 27. Qh6 Ng4 $1 $19 {[%cal
Gd4g7] the point} ({of course not} 27... Rxf8 $4 28. f6)) 26... hxg6 27. Bxf8 {
Loses on the spot} (27. Ne4 $142 Bxe4 28. Rxc8 Bxg2+ $1 29. Kxg2 (29. Qxg2 Rxc8
$19) 29... Qb7+ 30. Rc6 Nxc6 31. Qf3 Bxh6 32. Nxc6 Re3 33. Qd5 Qd7 $19) 27...
Qxd4 28. Ne4 Bxe4 29. Rxc8 Nxd3 (29... Nxd3 30. Rxe8 (30. Rc2 Nf4 $19) 30...
Nf2+ 31. Rxf2 Qd1+) 0-1

[Event "Beersheba-St Petersburg"]
[Site "Beersheba"]
[Date "1998.03.07"]
[Round "5"]
[White "Yemelin, Vasily"]
[Black "Golod, Vitali"]
[Result "1/2-1/2"]
[WhiteElo "2485"]
[BlackElo "2535"]
[Annotator "Golod,V"]
[PlyCount "79"]
[EventDate "1998.03.03"]
[EventType "schev"]
[EventRounds "12"]
[EventCountry "ISR"]
[SourceTitle "CBM 064"]
[Source "ChessBase"]
[SourceDate "1998.06.02"]
[SourceVersion "1"]
[SourceVersionDate "1998.06.02"]
[SourceQuality "1"]
[WhiteTeam "St Petersburg"]
[BlackTeam "Beer Sheva"]
[WhiteTeamCountry "RUS"]
[BlackTeamCountry "ISR"]

1. e4 c5 2. Nf3 Nc6 3. d4 cxd4 4. Nxd4 Qb6 5. Nb5 Nf6 $5 (5... a6 $5) 6. Be3
Qd8 7. N1c3 $5 (7. Bf4 d6 8. N5c3 Qb6 9. Qc1 e6 10. Bd3 a6 11. O-O Be7 12. Nd2
Qc7 13. Re1 b5 14. Nf3 e5 15. Bg5 $14 {1/2-1/2 Csima,J-Hansen,S/Budapest IM
1992 (31)}) (7. Nd2 $6 a6 8. Nc3 (8. Nc4 $6 axb5 9. Bb6 bxc4 10. Bxd8 Kxd8 11.
Bxc4 Nxe4 (11... e6 $5 $13) 12. Bxf7 e6 13. Bxe6 Bc5 $13 {0-1 Yeo,M-Mendez,E/
Havana op 1994 (40)}) 8... d5 9. exd5 Nxd5 10. Nxd5 Qxd5 11. Qf3 Nb4 12. Qxd5
Nxd5 13. Bc5 Bf5 $11 {0-1 Chavez,C-Abdul Rahman,A/WchJM-U16 1992 (48)}) 7... a6
8. Nd4 (8. Na3 $5 b5 $1 (8... e6 $6 9. Nc4 Bb4 10. Nd6+ Ke7 11. Nxc8+ Rxc8 12.
Bd3 d5 13. exd5 Nxd5 14. Bd2 Qa5 15. Nxd5+ Qxd5 16. O-O $14 {1-0 Kovalev,
A-Karasev,V/RUS-Cup1 Chigorin mem 1996 (40)}) 9. Nd5 Rb8 10. Nxf6+ exf6 11. Nb1
Bb7 12. Be2 Ne5 13. Nd2 $11 {1/2-1/2 Voekler,B-Bischoff,K/BL9697 1997}) 8... e6
(8... e5 $5 9. Nf5 (9. Nde2 Be7 (9... Qa5 $5 10. f3 d5 $1 11. exd5 Nb4 $13) (
9... Ng4 $5) 10. Nd5 Nxe4 11. Ng3 Qa5+ 12. c3 Nf6 13. Nb6 Rb8 14. a3 $44 {
1/2-1/2 Dervishi,E-Tzoumbas,A/Balkaniad 1994}) (9. Nxc6 bxc6 10. Bc4 Bb4 11.
Qd3 O-O 12. Rd1 Qe7 13. Bg5 h6 14. Bxf6 Qxf6 15. O-O Kh8 $11 {Paramos
Dominguez,R-Kurajica,B/La Coruna TH op 1995/1/2-1/2 (54)}) 9... d5 $1 10. Nxd5
Nxd5 11. exd5 Nb4 12. g4 $6 g6 13. a3 Nxd5 14. Bg2 Be6 15. c4 Nf4 16. Bxf4 exf4
17. Nd4 Qa5+ 18. Kf1 Rd8 $15 {Yemelin,V-Avrukh,B/S.Peterburg-Beer-Sheva 1998/1/
2-1/2(33)}) (8... d6 $5) 9. Bd3 (9. Nxc6 $5 bxc6 10. e5 Nd5 11. Nxd5 cxd5 12.
Bd3 $14) 9... Qc7 10. O-O (10. Nb3 Bd6 $6 (10... Bb4 $5) 11. g3 $1 Be5 12. Qd2
Ng4 13. Bf4 d6 14. Bxe5 Ngxe5 15. O-O-O O-O 16. Be2 Rd8 17. f4 Ng6 18. h4 $40 {
1/2-1/2 Shabalov,A-Kiselev,S/URS-ch58 1991 (40)}) 10... Be7 $5 ({In following
five games has arised the main line,but two moves earlier by the next move
order:1.e4 c5 2.Nf3 e6 3.d4 cd 4.N:d4 Nc6 5.Nc3 Qc7 6.Be3 a6 7.Bd3 Nf6 8.0-0} 
10... h5 $6 11. h3 $1 b5 12. Nxc6 Qxc6 13. a3 Bb7 14. Re1 h4 15. Qd2 Rc8 16.
Rad1 b4 17. axb4 Bxb4 18. Bd4 $16 {Hansen,Cu-Miladinovich,I/FIDE WCh KO,
Groningen,19971-0(41)}) (10... Ne5 $5 11. h3 Bc5 12. Qd2 d6 13. f4 Ng6 14. Kh1
O-O 15. Rae1 Bd7 16. Nf3 Bxe3 17. Qxe3 $14 {Shirov,A-Milos,G/FIDE WCh KO
Groningen,1997 1/2-1/2(56)}) (10... Nxd4 $6 11. Bxd4 Bc5 12. Bxc5 Qxc5 13. Kh1
b5 14. Qd2 Bb7 15. Rae1 b4 16. Na4 Qd4 17. f3 $14 {Sokolov,A-Tregubov,P/Open,
Bourbon Lancy,FRA,1997 1-0(76)}) 11. Kh1 $5 {[%cal Yf2f4]} (11. Nxc6 $6 bxc6
12. f4 d5 13. e5 Nd7 $13) (11. f4 $2 Bc5 $1 12. Be2 (12. Nf5 Ne7 $1) (12. Nce2
$2 Ng4 $15)) 11... O-O 12. f4 d6 13. Qf3 Nb4 $5 {[%csl Gd3][%cal Rb4d3]} (13...
Re8 $6 14. Rae1 Bf8 15. Qg3 $14) (13... Nxd4 $6 14. Bxd4 Bd7 15. e5 $36) (13...
Bd7 $5) 14. Be2 $6 $146 (14. g4 $6 Nd7 15. g5 Re8 16. Rf2 b5 17. h4 Nc5 18. Bd2
Nbxd3 19. cxd3 b4 20. Nce2 a5 21. Rc1 Ba6 $11 {Van de Plassche,B-Wiersma,E/
NLD-ch sf Enschede,1991 1-0(42)}) (14. f5 $6 exf5 $2 (14... e5 $5) 15. Nxf5
Bxf5 16. Qxf5 Qc8 17. a3 Qxf5 18. Rxf5 Nc6 19. Bc4 $14 {Egger,J-Garbett,P.A./
Manila,olm 1992,1-0(49)}) (14. Qg3 $1 Nxd3 15. cxd3 Kh8 $1 16. Rac1 Qd7 $8 $14)
14... e5 $1 $13 {[%csl Rc2,Rd4]} 15. fxe5 dxe5 16. Qg3 {[%cal Rg3c7]} Ne8 $1 (
16... Qd6 $2 17. a3 $1 exd4 18. e5 $36) 17. Nf3 $6 (17. Nb3 $5 Be6 (17... Nxc2
$2 18. Nd5 $16 {[%csl Rd5][%cal Ge3b6,Ga1c1]}) 18. Rac1 Bc4 $5 {+/=/=} (18...
Nf6 $6 19. a3 Nxc2 (19... Nc6 $6 20. Rcd1 $16 {[%csl Rd5]}) 20. Bh6 $1 Ne8 21.
Nd5 $14)) 17... Be6 $5 (17... Nxc2 $6 18. Nd5 Qd6 19. Bd2 $1 Be6 (19... Nd4 $4
20. Nxd4 exd4 21. Bb4 $16) 20. Rac1 Bxd5 21. exd5 Nd4 $44) 18. Rfc1 $6 (18.
Rac1 $5 Bxa2 19. Qxe5 $13) 18... Nf6 $1 (18... f6 $2 19. a3 Nc6 20. Nd5 $16)
19. Nxe5 $2 (19. Qxe5 $5 Bd6 20. Qd4 (20. Qg5 $6 Ng4 $15) 20... Ng4 21. e5 $13)
19... Bd6 20. Bf4 $8 {[%csl Ra2,Rc3,Re4,Ge5]} (20. Bh6 $4 Nh5 $1 21. Bxh5 Bxe5
22. Qg5 Kh8 $19) (20. Bd4 $4 Nc6 $19) 20... Nxa2 $3 $17 {[%csl Re4][%cal Gf6e4,
Gc7e5,Yc3e4,Yc3a2]} 21. Nxa2 (21. Rxa2 $2 Bxa2 22. b3 (22. Nxa2 Nxe4 $44) 22...
Rac8 23. Nxa2 Nxe4 $19) 21... Nxe4 22. Qe3 Bxe5 23. Bxe5 Qxe5 24. Nc3 $1 {
/\Re1,Bf3} (24. Bf3 $4 Ng3+ $19) 24... f5 (24... Bf5 $4 25. Bd3 $1 Rae8 26. Re1
$18) 25. Re1 Rae8 $1 (25... Rf6 $6 26. Bf3 Rh6 27. h3 $15) 26. Bf3 Bf7 $2 (
26... Bd7 $1 27. Bxe4 (27. Nxe4 $2 Bc6 $1 28. Qc3 (28. Bh5 $6 g6 $1 (28... Re7
$4 29. Nf6+ Qxf6 30. Qxe7 $18) 29. Qb3+ Kh8 $19) 28... fxe4 $17) 27... fxe4 28.
Rad1 $1 (28. Qxe4 Qxe4 29. Rxe4 (29. Nxe4 Bc6 $19 {/\Rf2}) 29... Rxe4 30. Nxe4
Bc6 $19 {[%csl Rc2,Rg2][%cal Gf8f2]}) 28... Bc6 $17) 27. Nxe4 fxe4 (27... Qxb2
$4 28. Qc3 $18) (27... Bd5 $4 28. Nf6+ $1 gxf6 29. Qxe5 Rxe5 30. Rxe5 Bxf3 31.
Rxf5 $18) 28. Qxe4 Qxb2 29. Qxb7 $11 Qc3 30. Red1 a5 31. Bd5 $1 {[%cal Gd1f1,
Gf1f7,Gd5f7]} Qxc2 32. Rf1 Bxd5 $8 (32... Qg6 $4 33. Rxf7 Rxf7 34. Rf1 Ref8 35.
Rxf7 Rxf7 36. Qc8#) 33. Qxd5+ Kh8 34. Rxf8+ Rxf8 35. Qxa5 h6 36. h3 Kh7 37. Qb4
Rf6 38. Re1 Qf2 39. Qe4+ Kh8 40. Ra1 1/2-1/2

[Event "Linares Anibal op 07th"]
[Site "Linares"]
[Date "2000.01.15"]
[Round "9"]
[White "Iordachescu, Viorel"]
[Black "Portisch, Lajos"]
[Result "0-1"]
[WhiteElo "2553"]
[BlackElo "2552"]
[Annotator "Hansen,Cu"]
[PlyCount "82"]
[EventDate "2000.01.07"]
[EventType "swiss"]
[EventRounds "10"]
[EventCountry "ESP"]
[SourceTitle "CBM 075"]
[Source "ChessBase"]
[SourceDate "2000.04.05"]
[SourceVersion "1"]
[SourceVersionDate "2000.04.05"]
[SourceQuality "1"]

1. e4 c5 2. Nf3 e6 3. d4 cxd4 4. Nxd4 a6 5. Nc3 Qc7 6. Bd3 Nf6 7. f4 d6 8. Qf3
Be7 9. g4 b5 10. g5 Nfd7 11. a3 {This move can sometimes be useful to stop
b5-b4. But here it may be played to early} Nc6 12. Nxc6 Qxc6 13. Be3 {In my
opinion Portisch is one of three great experts on this type of Sicilian
positions together with Kasparov and the late Polugaevsky. In the following
moves two things are interesting. First of all black does not play Bc8-b7 but
prepares counterplay by b5-b4 thereby discouraging white from castling Q-side.
Secondly black waits with castling to the short side himself until white has
placed his K on g1.} Rb8 {[%cal Yb5b4]} 14. Ne2 Nc5 15. h4 b4 16. Nd4 Qc7 17.
O-O bxa3 18. bxa3 O-O $1 19. f5 {White now get a impressive wall of Ps on the
fifth rank, but creating real threats against blacks K is quite difficult} e5
20. Ne2 {[%cal Yf5f6]} (20. f6 exd4 21. fxe7 Qxe7 22. Bxd4 Bb7 $15 {[%csl Rg1]}
) 20... Bd8 21. Ng3 Nxd3 22. cxd3 Qd7 (22... Rb3 23. Rfc1 Qb8 24. Qd1 {and
white seems to make better use of his heavy pieces than in the game - though
blacks chances seem to be slightly better}) 23. h5 (23. Rfc1 $5 {/\} f6 24.
Rab1 {but it would of course be a difficult decision to move the R away from
the K-side}) 23... Rb3 {[%cal Rb3d3]} 24. Rad1 a5 {[%csl Rd3][%cal Yc8a6]} 25.
Rd2 (25. f6 g6 26. hxg6 fxg6 $17 {[%cal Yd7g4,Yd7h3,Yd7f7] The black Q is very
wellplaced}) 25... Ba6 26. h6 {[%cal Rb3d3,Rb3a3] White has to try to create
some threats as he can not both defend Pd3 and Pa3} g6 27. fxg6 hxg6 28. h7+
Kh8 29. Qh1 Be7 30. Qh6 {[%cal Rg3h5] With ideas such as 31.Nh5 gxh5 32.g6} Qg4
31. Rg2 Rb2 {Neutralising whites last attackingchances and keeping a winning
endgame-advantage} 32. Ne2 Qh5 33. Qxh5 gxh5 34. Rgf2 Rxe2 35. Rxe2 Bxd3 36.
Rd2 Bxf1 37. Kxf1 Kxh7 38. Rd5 a4 39. Ra5 Kg6 40. Rxa4 Bxg5 41. Bb6 Rc8 0-1

[Event "Yongchuan zt 3.3"]
[Site "Yongchuan"]
[Date "2003.07.21"]
[Round "9"]
[White "Zhang, Pengxiang"]
[Black "Wu, Wenjin"]
[Result "0-1"]
[WhiteElo "2567"]
[BlackElo "2531"]
[Annotator "Hecht,H"]
[PlyCount "138"]
[EventDate "2003.07.11"]
[EventType "tourn"]
[EventRounds "11"]
[EventCountry "CHN"]
[EventCategory "12"]
[SourceTitle "CBM 097"]
[Source "ChessBase"]
[SourceDate "2003.11.11"]
[SourceVersion "1"]
[SourceVersionDate "2003.11.11"]
[SourceQuality "1"]

1. e4 c5 2. Nf3 e6 3. d4 cxd4 4. Nxd4 a6 5. Nc3 Qc7 6. Bd3 Nf6 7. f4 d6 8. O-O
Be7 9. Qe2 Nc6 10. Nxc6 bxc6 11. e5 dxe5 12. fxe5 Nd5 13. Qh5 g6 14. Qf3 Bc5+
15. Kh1 Nxc3 16. bxc3 O-O 17. Bh6 Rd8 18. Rae1 Bf8 19. Qe3 Bxh6 20. Qxh6 Qe7
21. Re3 Qf8 22. Qh4 Bd7 23. Qg5 c5 24. h4 Bb5 25. c4 Bc6 26. Rf6 Qg7 27. Rg3
Rd4 28. h5 h6 29. Qd2 g5 30. Qa5 Qf8 31. Bg6 Ra7 32. Bd3 Rb7 33. Rf1 Qe7 34.
Kg1 Kg7 35. Qe1 Qd8 36. Qe3 Rh4 37. Qxc5 Qb6 38. Qxb6 Rxb6 39. Re3 Rxh5 40. Be2
Rh4 41. Rb3 Rb7 42. Rxb7 Bxb7 43. Rb1 Be4 44. c5 Bd5 45. Rb6 Re4 46. Bxa6 Bc4
47. Bb7 Re1+ 48. Kh2 Rxe5 49. c6 Rc5 50. a4 Bd5 51. Kg1 Rxc2 52. a5 g4 53. g3
h5 54. a6 h4 {[#] A sharp and complicated endgame with passed pawns and mating
ideas. Transitions to various types of ending are possible, most of which are
so close to drawing. [#] Ein scharfes und recht undurchsichtiges Endspiel mit
Freibauern und Mattideen. Übergänge in verschiedene Endspieltypen sind möglich
und die meisten hart an der Remisgrenze.} 55. Rb2 $5 (55. c7 $1 Rxc7 (55... h3
56. Bxd5 exd5 57. a7 Rc1+ 58. Kf2 h2 59. Rh6 $1 Rxc7 (59... Kxh6 60. a8=Q Rc2+
61. Ke3 Kg7 62. Qxd5 Rxc7 63. Qg5+ Kh7 64. Qh5+ Kg7 65. Qxh2 Rc6 {followed by
Re6/Rg6 should also draw nebst Te6/Tg6 sollte auch remis sein}) 60. a8=Q Rc2+
61. Ke3 Kxh6 {could be a draw könnte remis sein}) 56. gxh4 Rc4 57. a7 Ra4 (
57... Bxb7 58. Rxb7 Ra4 59. Kf2 Kg6 60. h5+ Kxh5 61. Rxf7 Kg6 62. Rb7 Kf5 63.
Rf7+ $11) 58. Ra6 Rxa6 59. Bxa6 e5 60. Kf2 {also skirts drawing territory
because of the possibility of Bc8 and Kg3. bewegt sich wegen der Möglichkeit
Lc8 und Kg3 ebenfalls an der Remisgrenze.}) 55... Rc1+ (55... Rxb2 56. c7 Rg2+
57. Kf1 Rc2 58. c8=Q Rxc8 59. Bxc8 Bc4+ 60. Kg2 Bxa6 61. Bxa6 h3+ $19 (61...
hxg3 $11)) 56. Kf2 h3 57. Ke3 Bxc6 58. Kf4 Rc4+ 59. Ke5 Bf3 60. Bxf3 gxf3 61.
Ra2 f6+ 62. Kxe6 (62. Kd6 Rc8 63. a7 Ra8 64. Kxe6 Kg6 $19) 62... Re4+ 63. Kd7
Re2 64. Ra1 f2 65. a7 Re1 66. a8=Q f1=Q 67. Ra7 Qc4 68. Qb8 Kg6 69. Qb6 Qf7+
0-1

[Event "American Continental 2nd"]
[Site "Buenos Aires"]
[Date "2003.08.25"]
[Round "7"]
[White "Gonzalez Garcia, Jose"]
[Black "Mahia, Gustavo"]
[Result "1-0"]
[WhiteElo "2429"]
[BlackElo "2377"]
[Annotator "Hecht,H"]
[PlyCount "113"]
[EventDate "2003.08.17"]
[EventType "swiss"]
[EventRounds "11"]
[EventCountry "ARG"]
[SourceTitle "CBM 097"]
[Source "ChessBase"]
[SourceDate "2003.11.11"]
[SourceVersion "1"]
[SourceVersionDate "2003.11.11"]
[SourceQuality "1"]

1. e4 c5 2. Nf3 e6 3. d4 cxd4 4. Nxd4 a6 5. Nc3 Qc7 6. Bd3 Nf6 7. f4 d6 8. O-O
Be7 9. Kh1 O-O 10. Qe1 Nbd7 11. Nf3 Nc5 12. e5 Nxd3 13. cxd3 Ne8 14. Be3 Bd7
15. Rc1 Bc6 16. Ne4 Rc8 17. Bd4 Qd8 18. Qe3 f6 19. exf6 gxf6 20. Ng3 Ng7 21.
Bc3 Bd5 22. f5 e5 23. a3 Bxf3 24. Qxf3 d5 25. Bd2 Rxc1 26. Rxc1 Rf7 27. Bh6 Bf8
28. h3 Rd7 29. Qg4 Kh8 30. Qh4 Rf7 31. Be3 Qd7 32. Qg4 Be7 33. Bh6 Bf8 34. Rc3
Ne8 35. Qh5 Nd6 36. Bxf8 Rxf8 37. Rc5 d4 38. Qh6 Qg7 39. Qxg7+ Kxg7 {[#]
Strategic advantage to White: mobile rook; e4 for his knight; kingside
majority. [#] Strategischer Vorteil für Weiß: beweglicher Turm; Springerfeld
e4; Majorität am Königsflügel.} 40. Rd5 Rd8 41. Ne4 Nf7 42. Rc5 Rd7 43. g4 h5
$6 (43... h6 $142 $5) 44. Kg2 hxg4 45. hxg4 Nd8 $6 (45... Re7 $142) (45... Nh6
$142) 46. Rc8 $1 Nf7 $2 (46... Kf7 $142 47. Kf3 Ke7 48. g5 $16) 47. Rg8+ $1 {
The attracting sacrifice leads to a won knight endgame after the pawn is won.
Das Hineinziehungsopfer führt unter Bauerngewinn zu einem gewonnenen
Springerendspiel.} Kxg8 48. Nxf6+ Kg7 49. Nxd7 Kh6 50. Kg3 Kg5 51. Nc5 Nd6 52.
Kf3 Kh4 53. f6 Nf7 54. Ke4 Kxg4 55. Nd7 Kg5 56. Nxe5 Nd6+ 57. Kd5 1-0

[Event "EU-ch 4th"]
[Site "Istanbul"]
[Date "2003.06.01"]
[Round "3"]
[White "Areshchenko, Alexander"]
[Black "Smirin, Ilia"]
[Result "0-1"]
[WhiteElo "2546"]
[BlackElo "2662"]
[Annotator "Hecht,H"]
[PlyCount "110"]
[EventDate "2003.05.30"]
[EventType "swiss"]
[EventRounds "13"]
[EventCountry "TUR"]
[SourceTitle "CBM 096"]
[Source "ChessBase"]
[SourceDate "2003.09.25"]
[SourceVersion "1"]
[SourceVersionDate "2003.09.25"]
[SourceQuality "1"]

1. e4 c5 2. Nf3 Nc6 3. d4 cxd4 4. Nxd4 Nf6 5. Nc3 d6 6. Bc4 Qb6 7. Nb3 e6 8.
O-O Be7 9. Be3 Qc7 10. f4 a6 11. Bd3 b5 12. Qf3 O-O 13. Rae1 Nb4 14. a3 Nxd3
15. cxd3 Bb7 16. Qh3 Rfe8 17. Nd4 Bf8 18. Kh1 Qe7 19. f5 e5 20. Nf3 d5 21. Bg5
dxe4 22. Nxe4 Bxe4 23. Rxe4 Qd6 24. Bxf6 Qxf6 25. Rfe1 Rec8 26. Nxe5 Rc2 27.
Nd7 Qxb2 28. f6 Rc1 29. Nxf8 Rxf8 30. fxg7 Rfc8 31. Qd7 Kxg7 32. h3 Rxe1+ 33.
Rxe1 Rc1 34. Rxc1 Qxc1+ 35. Kh2 Qxa3 {[#] Offene Königsstellungen bei
Freibauern. Thematik: Dauerschachverteidigung} 36. Qd4+ Kg6 37. Qe4+ Kf6 38.
Qxh7 Qd6+ 39. g3 b4 40. h4 {Setzt einen der Freibauern zur Unzeit ein und
bringt sich um eine excellente Chance zum Dauerschach.} (40. Qh6+ $5 Ke7 41.
Qh4+ Ke8 42. Qe4+ Kf8 {bringt die Dame nicht hundertprozentig auf die
richtigen Felder}) (40. Qh8+ $5 Ke7 41. Qh4+ Ke8 42. Qh8+ Kd7 {mit ähnlichen
leichten Beschwernissen}) ({Die richtige Einleitung lautet} 40. Qh4+ $1 Ke6 41.
Qe4+ Kd7 42. Qb7+ Ke8 (42... Kd8 43. Qxf7 $11) 43. Qa8+ Ke7 44. Qb7+ Kf8 45.
Qc8+ Kg7 46. Qg4+ $11 {weil weder der schwarze König die weiße Dame nicht
austanzen kann noch die schwarze Dame zur Verteidigung benutzt werden kann,
weil sonst jeweils einer der beiden schwarzen Freibauern sein Leben aushauchen
müste.}) 40... b3 {mit jedem Schritt nach vorn steigen die schwarzen
Gewinnaussichten!} 41. Qh6+ Ke7 42. Qd2 Qb6 43. Qb2 Qb5 {Gewaltiger
Szenenwechsel, denn die weiße Dame ist nun in ihrer passiven Lage chancenlos.}
44. g4 Qxd3 $19 45. Qe5+ Kd7 46. h5 Qd2+ 47. Kh3 b2 48. Qf5+ Kd6 49. Qf6+ Kc5
50. Qe7+ Qd6 51. Qe3+ Kc4 52. Qe4+ Qd4 53. Qc6+ Kb3 54. Qb7+ Kc2 55. Qg2+ Qd2 {
[%csl Yc3,Yd3] denn c3 und d3 sind Gegenschachfelder!} 0-1

[Event "Biel SKA"]
[Site "Biel"]
[Date "1996.08.03"]
[Round "11"]
[White "Onischuk, Alexander"]
[Black "Andersson, Ulf"]
[Result "1/2-1/2"]
[WhiteElo "2605"]
[BlackElo "2640"]
[Annotator "Hecht,H"]
[PlyCount "115"]
[EventDate "1996.07.22"]
[EventType "tourn"]
[EventRounds "11"]
[EventCountry "SUI"]
[EventCategory "16"]
[SourceTitle "CBM 055"]
[Source "ChessBase"]
[SourceDate "1996.12.01"]
[SourceVersion "1"]
[SourceVersionDate "1996.12.01"]
[SourceQuality "1"]

1. e4 c5 2. Nf3 e6 3. d4 cxd4 4. Nxd4 Nf6 5. Nc3 d6 6. f4 a6 7. Qf3 Qc7 8. f5
Nc6 9. Nxc6 bxc6 10. Bd3 Be7 11. g4 Nd7 12. Bf4 Rb8 13. O-O-O Qb6 14. b3 Qc5
15. Nb1 Bf6 16. g5 Be5 17. Rhf1 Bxf4+ 18. Qxf4 Ne5 19. Be2 a5 20. Qd2 Rb4 21.
Nc3 exf5 22. a3 Rb8 23. Qxd6 Qxd6 24. Rxd6 Ke7 25. Rd4 h6 26. gxh6 Rxh6 27.
exf5 Rxh2 28. Ra4 Ra8 29. Re4 f6 30. Na4 Rb8 31. Nc5 Kd6 32. Nd3 Rxe2 33. Rxe2
Nxd3+ 34. cxd3 {[#] schwache weiße Bauern auf der Farbe des sL sichern Schwarz
das Remis. Warum nicht schon 35....Txd3?, schwieriges Endspiel!} Rxb3 35. a4
Ba6 (35... Rxd3 $5) 36. Rf3 Ra3 37. Re4 Kd5 38. Kd2 c5 39. Re6 Bb7 40. Re7 Bc6
41. Rxg7 Rxa4 42. Rf7 Ra2+ 43. Ke3 Ra3 44. Rxf6 c4 45. Kf4 cxd3 46. Rf2 Rc3 47.
Ke3 a4 48. Rf8 a3 49. f6 d2+ 50. Kxd2 a2 51. Rf1 Rf3 52. Rd1 Ke6 53. Re1+ Kd7
54. Re7+ Kd6 55. Ra7 Bd5 56. Ke2 Rf5 57. Ra6+ Ke5 58. Rfa8 1/2-1/2